Kurdská otázka v Turecku v letech 2009 až 2011: Konflikt (ne)zralý pro řešení?
Zartmanova teória zrelosti, ktorá predstavuje hlavnú teóriu realistického prístupu k riešeniu konfliktu dohodou. Analýza (ne)zrelosti kurdského konfliktu. Dynamika konfliktu v rokoch 2009-2011. Existencia vzájomne zraňujúceho patu a vzájomne lákavej príležitosti. Existencia vnímanej únikovej cesty.
Na minha lista:
| Autor principal: | |
|---|---|
| Outros Autores: | |
| Formato: | Capítulo de Livro |
| Idioma: | tcheco |
| Assuntos: | |
| Tags: |
Sem tags, seja o primeiro a adicionar uma tag!
|
MARC
| LEADER | 00000naa a2200000 4500 | ||
|---|---|---|---|
| 001 | 0247723 | ||
| 005 | 20180917092247.6 | ||
| 041 | 0 | |a cze | |
| 044 | |a CZ | ||
| 245 | 1 | 0 | |a Kurdská otázka v Turecku v letech 2009 až 2011: Konflikt (ne)zralý pro řešení? |c Tomáš Kaválek, Tomáš Šmíd |
| 520 | |a Zartmanova teória zrelosti, ktorá predstavuje hlavnú teóriu realistického prístupu k riešeniu konfliktu dohodou. Analýza (ne)zrelosti kurdského konfliktu. Dynamika konfliktu v rokoch 2009-2011. Existencia vzájomne zraňujúceho patu a vzájomne lákavej príležitosti. Existencia vnímanej únikovej cesty. | ||
| 610 | 2 | 0 | |a politika |
| 610 | 2 | 0 | |a strany politické |
| 610 | 2 | 0 | |a etnikum |
| 610 | 2 | 0 | |a konflikty etnické |
| 610 | 2 | 0 | |a sily ozbrojené |
| 610 | 2 | 0 | |a Turecko |
| 100 | 1 | |a Kaválek, Tomáš | |
| 700 | 1 | |a Šmíd, Tomáš | |